Los fichajes más caros del fútbol - Temporada 2023-2024 - Estadísticas

Estadísticas generales
  • Esta prueba ha sido intentada 76 veces
  • La puntuación promedio es 9 de 10
Estadísticas de respuestas
Coste (M €) Nacionalidad Último club Nuevo club Jugador % Correcto
116,60 Inglaterra West Ham Arsenal Declan Rice
100%
95,00 Inglaterra Tottenham Bayern Múnich Harry Kane
100%
103,00 Inglaterra Borussia Dortmund Real Madrid Jude Bellingham
98%
90,00 Brasil PSG Al-Hilal Neymar
98%
116,00 Ecuador Brighton Chelsea Moisés Caicedo
97%
90,00 Croacia RB Leipzig Manchester City Josko Gvardiol
95%
75,00 Alemania Chelsea Arsenal Kai Havertz
92%
95,00 Francia Eintracht PSG Randal Kolo Muani
91%
73,90 Dinamarca Atalanta Manchester United Rasmus Højlund
83%
70,00 Hungría RB Leipzig Liverpool Dominik Szoboszlai
76%
No se encontraron pruebas coincidentes
Distribución de puntuación
Porcentaje de gente con cada puntuación
Porcentaje por número respondido
Historial de tus puntuaciones
No has intentado esta prueba.